00381nam a2200085Ia 4500008004100000245012200041260000900163300009800172650002500270180130s9999 xx 000 0 und d cLancrenon, Jean; Khader, Dalia; Ryan, Peter Y.A.; Hao, FengaPassword-based authenticated key establishment protocols c2013 aBook title: Computer and information security handbook--Acession number C20545; pages 705-720 aINFORMATION SECURITY